000 00684nam a22001697a 4500
005 20241011101559.0
008 241011b |||||||| |||| 00| 0 eng d
100 _aMcDevitt, Seung Eun.
_eauthor.
_962791
245 _aCulturally relevant special education curriculum for children with autism in China /
_cSeung Eun McDevitt, Hui Jiang, Yuanyue Xu, and Di Pei.
260 _aWashington;
_bTaylor & Francis Group,
_cMay-June 2020.
300 _aVolume 96, pages 56-61,
_billustration.
700 _aMcDevitt, Seung Eun.
_eauthor.
_962792
700 _aJiang, Hui.
_eauthor.
_962793
700 _aXu, Yuanyue.
_eauthor.
_962794
700 _aPei, Di.
_eauthor.
_962795
942 _2ddc
_cPER
999 _c22489
_d22489